| 000 | 01057nam a2200265 i 4500 | ||
|---|---|---|---|
| 001 | 94996 | ||
| 003 | ES-MaACL | ||
| 005 | 20250808062726.0 | ||
| 007 | t| | ||
| 008 | 050519s1984 sp ||||1| spa d | ||
| 017 | _aM 10604-1984 | ||
| 020 | _a84-220-1129-8 | ||
| 100 | 1 |
_aLuis María Grignion de Montfort _cSanto. _974694 |
|
| 245 | 1 | 0 |
_aObras / _cSan Luis María Grignion de Montfort ; edición preparada por Luis Salaün Perrot ; presentación de Gérard Lemire ; introducción general por Louis Perouas ; introducciones particulares por Pío Suárez y Luis Salaün ; [traducción por Pío Suárez Borniquel]. |
| 260 |
_aMadrid : _bLa Editorial Católica, _c1984. |
||
| 300 |
_aXXIV, 822 p. ; _c20 cm. |
||
| 490 | 1 |
_aBiblioteca de autores cristianos ; _v451 |
|
| 700 | 1 |
_aSalaün Perrot, Luis. _9101785 |
|
| 700 | 1 |
_aLemire, Gérard. _971475 |
|
| 700 | 1 |
_aPerouas, Louis. _991325 |
|
| 700 | 1 |
_aSuárez, Pío. _9108581 |
|
| 830 | 0 | 0 |
_aBiblioteca de autores cristianos _v451 _9178679 |
| 852 |
_aES-MaACL _jJ-440 _9R.46092 |
||
| 999 |
_c94996 _d94996 |
||